000 01017nam a22002777a 4500
003 DO-SdBNP
005 20230310093415.0
008 161201b 2005 sp a00| 0 spa d
020 _a849641261X
040 _aBPMSU
_bspa
_cBPMSU
082 4 _a823.8
_bB275p 2005
100 1 _aBarrie, J. M. (James Matthew),
_d 1860-1937
245 1 0 _aPeter Pan :
_bbasado en la novela de James Barrie /
_cilustrado por Alejandra Viacava ; coordinación editorial, Emilio López ; adaptación literaria, Alberto Szpunberg
_8
246 1 4 _aPeter Pan :
_bpara leer, jugar y aprender
260 _aBarcelona :
_bEl país,
_c2005.
300 _a45 p. :
_bil.,
_c20 cm..
490 0 _aCuentos infantiles,
_v7
590 _6Inventariado, 2023/VM
650 4 _aCuentos ingleses infantiles
650 4 _aLiteratura inglesa infantil
700 1 _aViacava, Alejandra,
_eil.
700 1 _aSzpunberg, Alberto
_eadaptación
700 1 _aLópez, Emilio
_ecoord.
910 _aBTAVÁREZ/VMateo V. Control de calidad (BPMSU)
942 _2ddc
_cBK
999 _c12203
_d12203